000
00279nam a22001217a 4500
999
_c
263393
_d
263392
020
_a
9780545822046
100
_a
Erick Luper
245
_a
The Mysterious Moonstone.
260
_a
New York
_b
Scholastic Inc
_c
2016
300
_a
111pgs
_b
ill
490
_a
Key Hunters
942
_c
BK